<?xml version="1.0" encoding="UTF-8"?>
<collection xmlns="http://www.loc.gov/MARC21/slim">
  <record>
    <leader>00000nam  2200000   4500</leader>
    <datafield tag="300" ind1="#" ind2="#">
      <subfield code="a">50 hlm. :</subfield>
      <subfield code="b">ill. ;</subfield>
      <subfield code="c">30 cm</subfield>
      <subfield code="e"/>
    </datafield>
    <controlfield tag="csr">$a 5289dccbbe18d11254ad6c32364e3764</controlfield>
    <datafield tag="856" ind1="#" ind2="#">
      <subfield code="a"/>
    </datafield>
    <datafield tag="740" ind1="#" ind2="#">
      <subfield code="a"/>
    </datafield>
    <datafield tag="700" ind1=" " ind2="#">
      <subfield code="a"/>
    </datafield>
    <datafield tag="650" ind1=" " ind2="#">
      <subfield code="a">Peningkatan Layanan</subfield>
    </datafield>
    <datafield tag="650" ind1=" " ind2="#">
      <subfield code="a">Pariwisata Keraton Cirebon</subfield>
    </datafield>
    <datafield tag="520" ind1=" " ind2="#">
      <subfield code="a">Terobosan inovatif dengan model kolaborasi Pentahelix yang melibatkan lima pemangku kepentingan : pemerintah, masyarakat, akademisi, pelaku usaha, dan media memungkinkan setiap pihak berperan dalam meningkatkan daya tarik Keraton Kesepuhan sebagai destinasi wisata hertige Pemerintah memberikan dukungan kebijakan, masyarakat berfungsi sebagai duta budaya, akademisi menyuplai riset strategis, pelaku usaha memperkuat layanan, dan media mempromosikan destinasi. Sinergi ini menciptakan strategi pemasaran yang terpadu dan efektif untuk meningkatkan daya saing Keraton Kesepuhan di tingkat nasional dan internasional.</subfield>
    </datafield>
    <datafield tag="338" ind1="#" ind2="#">
      <subfield code="a"/>
    </datafield>
    <datafield tag="337" ind1="#" ind2="#">
      <subfield code="a"/>
    </datafield>
    <datafield tag="336" ind1="#" ind2="#">
      <subfield code="a"/>
    </datafield>
    <controlfield tag="001">$a INLIS000000000020877</controlfield>
    <datafield tag="264" ind1="#" ind2="#">
      <subfield code="a">Jakarta :</subfield>
      <subfield code="b">Pusbangkom Pimnas dan Manajerial ASN. ;</subfield>
      <subfield code="c">2024</subfield>
    </datafield>
    <datafield tag="246" ind1="#" ind2="#">
      <subfield code="a"/>
    </datafield>
    <datafield tag="245" ind1="#" ind2="#">
      <subfield code="a">Peningkatan Visitor Experience di Destinasi Wisata Heritage (Keraton Kasepuhan Cirebon)</subfield>
      <subfield code="b"/>
      <subfield code="c">Utari Widyastuti, S.</subfield>
    </datafield>
    <datafield tag="100" ind1=" " ind2="#">
      <subfield code="a">Utari Widyastuti, S.</subfield>
    </datafield>
    <datafield tag="084" ind1="#" ind2="#">
      <subfield code="a">R 149 PKN II 2024</subfield>
    </datafield>
    <datafield tag="082" ind1="#" ind2="#">
      <subfield code="a"/>
    </datafield>
    <datafield tag="035" ind1="#" ind2="#">
      <subfield code="a">0010-0426000034</subfield>
    </datafield>
    <datafield tag="020" ind1="#" ind2="#">
      <subfield code="a"/>
    </datafield>
    <controlfield tag="008">$a 260420################g##########0#ind##</controlfield>
    <controlfield tag="005">$a 20260420092758</controlfield>
  </record>
</collection>
